Ti Scordi Che (ripresa) - Hazbin Hotel - Statistics

Statistiche generali
  • Questo quiz è stato fatto 18 volte
    17 dall'ultimo reset
  • Il punteggio medio è 169 su 208
Statistiche sulle risposte
Risposta % Corretto
a
100%
Al
100%
al
100%
avere
100%
Che
100%
che
100%
[Vox] Come
100%
con
100%
da
100%
Di
100%
di
100%
100%
è
100%
E
100%
e
100%
é
100%
già
100%
gli
100%
ho
100%
Ho
100%
Il
100%
il
100%
in
100%
io
100%
Io
100%
la
100%
Lo
100%
ma
100%
mai
100%
me
100%
mi
100%
Mi
100%
ne
100%
Per
100%
per
100%
più
100%
puoi
100%
Puoi
100%
Quando
100%
quanto
100%
qui
100%
scordi
100%
se
100%
Se
100%
Sei
100%
solo
100%
sono
100%
Sono
100%
te
100%
ti
100%
Ti
100%
tu
100%
un
100%
vuoi
100%
alla
67%
all’insù
67%
ammazzo
67%
ammettilo
67%
ancora
67%
Apri
67%
apro
67%
avrò
67%
bello
67%
ben
67%
bramo
67%
cazzo?
67%
cazzo
67%
chiaro
67%
Culo
67%
Devi
67%
[Alastor] Dimostrarmi
67%
dio
67%
essere
67%
fai
67%
fatta
67%
fatto
67%
ferirai
67%
fine
67%
forte
67%
fregasse
67%
guardare
67%
impazzirai
67%
inchinarti
67%
legato
67%
mano
67%
Mentre
67%
mio
67%
nell’atto
67%
non
67%
[Vox] Non
67%
nuovo
67%
occhi
67%
onda
67%
ormai
67%
ossessionato
67%
padrone
67%
patta
67%
pena
67%
Persino
67%
piano
67%
predica
67%
prendo
67%
preso
67%
prima
67%
provare
67%
pubblico
67%
quel
67%
ribellarti
67%
rimpianti
67%
[Vox] Risparmiami
67%
rosichi
67%
sarò
67%
schiacciato
67%
schifo?
67%
servo
67%
soccombere
67%
sputi
67%
Stavolta
67%
tre
67%
trio
67%
tutto
67%
vedi
67%
vedo
67%
vincere
67%
vinto
67%
addio
33%
godrai
33%
[Vox] insiste
33%
messo
33%
[Valentino] Necessitate
33%
paura
33%
pentirai
33%
Presto
33%
radio
33%
scoparvi
33%
show
33%
spalle
33%
tornato
33%
virulentemente
33%
muro
0%
[Vox] uh
0%
Nessun quiz corrispondente trovato
Distribuzione punteggi
Percentuale di utenti per punteggio
Percentile per numero di risposta
I tuoi punteggi nel tempo
Non hai fatto questo quiz dall'ultimo reset